ბათუმის შოთა რუსთაველის სახელმწიფო უნივერსიტეტის ბიბლიოთეკა

მიხეილ ჯავახიშვილი (ბიბ.ჩანაწერი № 43875)

000 -LEADER
fixed length control field 01156nam a2200265Ia 4500
001 - CONTROL NUMBER
control field 10624
003 - CONTROL NUMBER IDENTIFIER
control field GE_BSU
008 - FIXED-LENGTH DATA ELEMENTS--GENERAL INFORMATION
fixed length control field 181216s||||||||xx |||||||||||||| ||und||
020 ## - INTERNATIONAL STANDARD BOOK NUMBER
International Standard Book Number 9789941911347
040 ## - CATALOGING SOURCE
Transcribing agency GE_BSU
080 ## - UNIVERSAL DECIMAL CLASSIFICATION NUMBER
Universal Decimal Classification number 821.353.1(092 ჯავახიშვილი,მ)+821.353.1.94
100 ## - MAIN ENTRY--PERSONAL NAME
Personal name ჯავახიშვილი,რუსუდან
245 ## - TITLE STATEMENT
Title მიხეილ ჯავახიშვილი
245 ## - TITLE STATEMENT
Remainder of title მოგონებები
245 ## - TITLE STATEMENT
Statement of responsibility, etc. რედ:ლელა წიქარიშვილი; წიგნზე მუშაობდნენ:ლია სულაქველიძე, ეკა წიქარიშვილი.
260 ## - PUBLICATION, DISTRIBUTION, ETC.
Place of publication, distribution, etc. თბილისი
260 ## - PUBLICATION, DISTRIBUTION, ETC.
Name of publisher, distributor, etc. პეგასი
260 ## - PUBLICATION, DISTRIBUTION, ETC.
Date of publication, distribution, etc. 2010
300 ## - PHYSICAL DESCRIPTION
Extent 192გვ;19სმ.
300 ## - PHYSICAL DESCRIPTION
Other physical details ფოტ.
520 ## - SUMMARY, ETC.
Summary, etc. (ილუსტრირებული ბიოგრაფიები; 4/სერიის გამომც.ლაშა ბაქრაძე)
653 ## - INDEX TERM--UNCONTROLLED
Uncontrolled term მიხეილ ჯავახიშვილი:[მოგონებები]
942 ## - ADDED ENTRY ELEMENTS (KOHA)
Koha item type წიგნი
ეგზემპლარები
Withdrawn status Lost status Damaged status Not for loan Date acquired Barcode Date last seen Price effective from Koha item type
        2018-12-17 34788 2018-12-17 2018-12-17 წიგნი
        2018-12-17 34789 2018-12-17 2018-12-17 წიგნი